National Anthem of Guatemala - Himno Nacional Guatemala - Statistics

General Stats
  • This quiz has been taken 5 times
  • The average score is 31 of 67
Answer Stats
Lyrics % Correct
¡Guatemala
80%
No
80%
que
80%
que
80%
que
80%
Que
80%
que
80%
A
60%
a
60%
A
60%
a
60%
al
60%
al
60%
aras,
60%
el
60%
el
60%
feliz...!
60%
Lo
60%
tu
60%
tu
60%
tu
60%
tu
60%
tu
60%
tus
60%
amenaza
40%
bandera,
40%
bandera,
40%
esclavo
40%
esclavos
40%
escupan
40%
extranjera,
40%
faz.
40%
hermosa
40%
hermosa
40%
invasión
40%
jamás
40%
laman
40%
Libre
40%
Libre
40%
llamará.
40%
llamará,
40%
mañana
40%
morir
40%
morir
40%
Ni
40%
Ni
40%
o
40%
o
40%
profane
40%
sagrado,
40%
Si
40%
suelo
40%
tiranos
40%
vencer
40%
vencer
40%
verdugo,
40%
viento
40%
viento
40%
yugo,
40%
ánima
20%
Antes
20%
con
20%
fiera,
20%
haya
20%
muerto
20%
pueblo
20%
será.
20%
No matching quizzes found
Score Distribution
Percent of People with Each Score
Percentile by Number Answered
Your Score History
You have not taken this quiz